Countries with embassies and consulates in Myanmar - Statistics

General Stats
  • This quiz has been taken 59 times
  • The average score is 34 of 39
Answer Stats
Continent Country % Correct
Oceania Australia
100%
North America United States of America
100%
North America Canada
98%
Asia China
98%
Europe France
98%
Asia India
98%
Asia Laos
98%
Asia/ Europe Russia
98%
Asia South Korea
98%
Asia Cambodia
96%
Asia Japan
96%
Asia Pakistan
96%
Asia Thailand
96%
Asia/ Europe Turkey
96%
Asia Vietnam
96%
Europe Germany
94%
Asia Malaysia
94%
Oceania New Zealand
94%
Europe United Kingdom
94%
Asia Indonesia
92%
Europe Italy
90%
Europe Denmark
88%
Asia Nepal
88%
Asia Saudi Arabia
88%
Europe the Netherlands
88%
Asia North Korea
85%
Asia Singapore
85%
Asia the Philippines
83%
Asia Qatar
81%
Europe Switzerland
79%
Africa Egypt
77%
Asia Israel
77%
Europe Norway
77%
Asia Sri Lanka
77%
Asia Bangladesh
75%
Asia Kuwait
71%
Europe Czech Republic
69%
Europe Serbia
52%
Asia Timor Leste
40%
No matching quizzes found
Score Distribution
Percent of People with Each Score
Percentile by Number Answered
Your Score History
You have not taken this quiz